US States with Two Vowels - Statistics

General Stats
  • This quiz has been taken 291 times
    286 since last reset
  • The average score is 6 of 8
Answer Stats
State % Correct
K Kansas
92%
U Utah
89%
K Kentucky
88%
T Texas
84%
V Vermont
83%
W Wyoming
74%
N New York
64%
M Maryland
52%
No matching quizzes found
Score Distribution
Percent of People with Each Score
Percentile by Number Answered
Your Score History
You have not taken this quiz since the last reset